000
00235nam a2200097Ia 4500
008
170619s9999 xx 000 0 und d
100
_a
Pressman- Roger S.
245
0
_a
Software Engineering
260
_b
New Delhi. McGraw Hill
260
_c
2001
546
_a
ENGLISH
999
_c
17104
_d
17104